000 00371nam a2200169Ia 4500
100 _aEvjen/Bill/ Hanselman/Scott
650 _aASP
942 _cBK
366 _f15
654 _aASP.NET 2.0
245 _aProfessional ASP.NET 2.0
260 _bWiley/Dreamtech
_aNew Delhi
_c2006
082 _a004.65/EVJ
_bEVJ
300 _a1253
546 _aENGLISH
999 _c26026
_d26026